People places and change (Record no. 25411)

MARC details
000 -LEADER
fixed length control field 00309nam a2200121Ia 4500
082 ## - DEWEY DECIMAL CLASSIFICATION NUMBER
Classification number 008 (100)
Item number BER
100 ## - MAIN ENTRY--AUTHOR NAME
Personal name BERRY, Leonard
245 #0 - TITLE STATEMENT
Title People places and change
260 ## - PUBLICATION, DISTRIBUTION, ETC. (IMPRINT)
Place of publication New York
Name of publisher Holt Rinehart
Year of publication 1976
700 ## - ADDED ENTRY--PERSONAL NAME
Personal name FORD, Richard B
942 ## - ADDED ENTRY ELEMENTS (KOHA)
Koha item type Books
Holdings
Withdrawn status Lost status Damaged status Not for loan Home library Current library Date acquired Full call number Accession Number Koha item type
        RRII Library RRII Library 16/12/2021 008 (100) BER 06069 Books